LIBRARY ONLINE CATALOGUE

Chambers concise dictionary. (Record no. 15137)

MARC details
000 -LEADER
fixed length control field 00611cam a22002052 4500
001 - CONTROL NUMBER
control field 0000018410
005 - DATE AND TIME OF LATEST TRANSACTION
control field 20151217161144.0
008 - FIXED-LENGTH DATA ELEMENTS--GENERAL INFORMATION
fixed length control field 091028s xx 000 0 eng d
020 ## - INTERNATIONAL STANDARD BOOK NUMBER
International Standard Book Number 0550100725 :
040 ## - CATALOGING SOURCE
Original cataloging agency KABU
Transcribing agency KABU
245 10 - TITLE STATEMENT
Title Chambers concise dictionary.
250 ## - EDITION STATEMENT
Edition statement 1st ed.
260 ## - PUBLICATION, DISTRIBUTION, ETC. (IMPRINT)
Place of publication, distribution, etc. Edinburgh :
Name of publisher, distributor, etc. Chambers Harrap,
Date of publication, distribution, etc. 2004.
300 ## - PHYSICAL DESCRIPTION
Extent xiv, 1458 p.
650 #0 - SUBJECT ADDED ENTRY--TOPICAL TERM
Topical term or geographic name as entry element English language
Form subdivision Dictionaries.
-- 0000148334
650 #0 - SUBJECT ADDED ENTRY--TOPICAL TERM
Topical term or geographic name as entry element English language
General subdivision Terms and phrases.
-- 0000177646
852 1# - LOCATION
-- p1995 KES
908 ## - PUT COMMAND PARAMETER (RLIN)
Put command parameter 091028
950 ## - LOCAL HOLDINGS (RLIN)
-- 1
Holdings
Withdrawn status Lost status Source of classification or shelving scheme Not for loan Home library Current library Date acquired Total Checkouts Full call number Barcode Date last seen Price effective from Koha item type
    Library of Congress Classification Not For Loan Kabarak, Main Campus Kabarak, Main Campus 17/12/2015   PE1628 .C43 2004 c. 1 18240 17/12/2015 17/12/2015 Reference